- Political socialization
Entry Topical Term
001 - CONTROL NUMBER
- control field: 49676
003 - CONTROL NUMBER IDENTIFIER
- control field: TR-AnTOB
005 - DATE AND TIME OF LATEST TRANSACTION
- control field: 20200430185253.0
008 - FIXED-LENGTH DATA ELEMENTS
- fixed length control field: 860211i| azannbabn |b ana
010 ## - LIBRARY OF CONGRESS CONTROL NUMBER
- LC control number: sh 85104456
035 ## - SYSTEM CONTROL NUMBER
- System control number: (TR-AnTOB)49676
040 ## - CATALOGING SOURCE
- Original cataloging agency: DLC
- Language of cataloging: eng
- Transcribing agency: DLC
- Modifying agency: TR-AnTOB
150 ## - HEADING--TOPICAL TERM
- Topical term or geographic name entry element: Political socialization
450 ## - SEE FROM TRACING--TOPICAL TERM
- Topical term or geographic name entry element: Socialization, Political
450 ## - SEE FROM TRACING--TOPICAL TERM
- Topical term or geographic name entry element: Siyasal sosyalleşme
450 ## - SEE FROM TRACING--TOPICAL TERM
- Topical term or geographic name entry element: Siyasi sosyalleşme
450 ## - SEE FROM TRACING--TOPICAL TERM
- Topical term or geographic name entry element: Siyasal sosyalizasyon
450 ## - SEE FROM TRACING--TOPICAL TERM
- Topical term or geographic name entry element: Siyasi sosyalizasyon
450 ## - SEE FROM TRACING--TOPICAL TERM
- Topical term or geographic name entry element: Politik sosyalleşme
450 ## - SEE FROM TRACING--TOPICAL TERM
- Topical term or geographic name entry element: Politik sosyalizasyon
550 ## - SEE ALSO FROM TRACING--TOPICAL TERM
- Topical term or geographic name entry element: Political psychology
- Control subfield: g
550 ## - SEE ALSO FROM TRACING--TOPICAL TERM
- Topical term or geographic name entry element: Political sociology
- Control subfield: g
550 ## - SEE ALSO FROM TRACING--TOPICAL TERM
- Topical term or geographic name entry element: Socialization
- Control subfield: g
688 ## - APPLICATION HISTORY NOTE
- Institution to which field applies: TR-AnTOB
- Application history note: Op 30.04.2020
750 ## - ESTABLISHED HEADING LINKING ENTRY--TOPICAL TERM
- Authority record control number or standard number: https://lccn.loc.gov/sh85104456
- Source of heading or term: lcsh
750 ## - ESTABLISHED HEADING LINKING ENTRY--TOPICAL TERM
- Authority record control number or standard number: (TR-AnTOB)49675
- Source of heading or term: etuturkob



